000
00252nam a22001097a 4500
008
140529t xxu||||| |||| 00| 0 eng d
020
_a
978-81-8356-549-3
100
_a
M. Yadav
_9
911
245
_a
Textbook of Cryobiology
300
_a
262
942
_2
ddc
_c
BK
999
_c
17149
_d
17149